000 01080cab a2200337 4500
001 WB2914-24
008 090401t1993 xxu||||| |||| 00| 0 eng d
035 _a(Sirsi) u90918
041 _aeng
245 _aPrivity of contract
260 _c1993
350 _a0
490 _aEstates Times
_v(1138) 2 April 1993, 1
490 _aEstates Gazette
_v(9313) 3 April 1993, 26(2)
520 _aPrivity of contract is to be abolished on new leases although the move will not be retrospective. The Government is also to examine upwards-only rent reviews, confidentiality clauses and dispute resolution procedures.
650 _aABOLITION
650 _aASSIGNMENT
650 _aBUSINESS TENANCIES
650 _aCONFIDENTIALITY CLAUSES
650 _aDISPUTE RESOLUTION
_96236
650 _aLEASE REFORM
650 _aLEASES
650 _aPRIVITY OF CONTRACT
650 _aRENT ARREARS
650 _aRENT REVIEWS
650 _aUPWARD ONLY RENT REVIEWS
690 _aLANDLORD AND TENANT-BUSINESS TENANCIES
690 _aLAW
942 _n0
948 _c04/03/1997
999 _c57679
_d57679